01330nam a22002657a 45000010005000000030006000050050017000110080041000280200017000690400029000860500010001150820012001251000017001372450073001542500046002272600038002733000044003114900024003555050008003795200573003875210021009605210020009816500031010017000032010325074FISKH20241105083358.0241105b cb ||||| |||| 00| 0 eng d a078073004508 aFISKHbengcFISKHdFISKH aPS430 a948.022 aDeary, Terry aThe Vicious Vikings /cby Terry Deary : illustrated by Martin Brown  aFirst Scholastic printing, September 1997 aNew York : bScholastic ;c1994.  a128 pages : billustrations ;c21 cm .  aHorrible Histories  aU  aHistory. Juvenile Nonfiction. HTML: Sail back to a vicious time with fearsome seafaring Viking warriors with big boats, big shields and enormous ginger beards. Readers can discover all the foul facts about the Vicious Vikings, including Viking gods in wedding dresses, corpses on trial and Death by booby-trapped statues. With a bold, accessible new look, these bestselling titles are sure to be a huge hit with yet another generation of Terry Deary fans. Revised by the author and illustrated throughout to make Horrible Histories more accessible to young readers. .8 a870 bLexile 8 aU bRaz-Plus  aVikingsvhorrible stories  aBrown, ,Martineillustrator